English society in the eighteenth century / (Record no. 944)

000 -LEADER
fixed length control field 01480nam a22003977a 4500
001 - CONTROL NUMBER
control field 4856441
003 - CONTROL NUMBER IDENTIFIER
control field OSt
005 - DATE AND TIME OF LATEST TRANSACTION
control field 20210426110714.0
008 - FIXED-LENGTH DATA ELEMENTS--GENERAL INFORMATION
fixed length control field 910221s1990 enk b 001 0 eng
010 ## - LIBRARY OF CONGRESS CONTROL NUMBER
LC control number 91121132
020 ## - INTERNATIONAL STANDARD BOOK NUMBER
International Standard Book Number 0140138196
040 ## - CATALOGING SOURCE
Original cataloging agency DLC
Transcribing agency DLC
Modifying agency DLC
Language of cataloging eng
041 ## - LANGUAGE CODE
Language code of text/sound track or separate title eng
043 ## - GEOGRAPHIC AREA CODE
Geographic area code e-uk-en
050 00 - LIBRARY OF CONGRESS CALL NUMBER
Classification number HN398.E5
Item number P67 1990
080 ## - UNIVERSAL DECIMAL CLASSIFICATION NUMBER
Universal Decimal Classification number 94
Item number P-85
082 00 - DEWEY DECIMAL CLASSIFICATION NUMBER
Classification number 942.07
Edition number 20
100 1# - MAIN ENTRY--PERSONAL NAME
Personal name Porter, Roy,
Dates associated with a name 1946-2002.
245 10 - TITLE STATEMENT
Title English society in the eighteenth century /
Statement of responsibility, etc. Roy Porter.
Remainder of title / by: Penguin Books
250 ## - EDITION STATEMENT
Edition statement Revised edition
260 ## - PUBLICATION, DISTRIBUTION, ETC.
Place of publication, distribution, etc. London, England ;
-- New York, N.Y., USA :
Name of publisher, distributor, etc. Penguin Books,
Date of publication, distribution, etc. 1990.
300 ## - PHYSICAL DESCRIPTION
Extent xiv, 420 p. ;
Dimensions 20 cm.
365 ## - TRADE PRICE
Price amount 14.95 usd
440 #4 - SERIES STATEMENT/ADDED ENTRY--TITLE
Title The Penguin social history of Britain
504 ## - BIBLIOGRAPHY, ETC. NOTE
Bibliography, etc. note Includes bibliographical references (p. [373]-388) and index.
650 #0 - SUBJECT ADDED ENTRY--TOPICAL TERM
9 (RLIN) 252
Topical term or geographic name entry element History
651 #0 - SUBJECT ADDED ENTRY--GEOGRAPHIC NAME
Geographic name England
General subdivision Social conditions
Chronological subdivision 18th century.
653 ## - INDEX TERM--UNCONTROLLED
Uncontrolled term ისტორია
653 ## - INDEX TERM--UNCONTROLLED
Uncontrolled term ინგლისი
856 41 - ELECTRONIC LOCATION AND ACCESS
Materials specified Table of contents only
Uniform Resource Identifier <a href="http://www.loc.gov/catdir/enhancements/fy1206/91121132-t.html">http://www.loc.gov/catdir/enhancements/fy1206/91121132-t.html</a>
856 42 - ELECTRONIC LOCATION AND ACCESS
Materials specified Publisher description
Uniform Resource Identifier <a href="http://www.loc.gov/catdir/enhancements/fy1505/91121132-d.html">http://www.loc.gov/catdir/enhancements/fy1505/91121132-d.html</a>
856 42 - ELECTRONIC LOCATION AND ACCESS
Materials specified Contributor biographical information
Uniform Resource Identifier <a href="http://www.loc.gov/catdir/enhancements/fy1505/91121132-b.html">http://www.loc.gov/catdir/enhancements/fy1505/91121132-b.html</a>
906 ## - LOCAL DATA ELEMENT F, LDF (RLIN)
a 7
b cbc
c orignew
d 3
e ncip
f 19
g y-gencatlg
942 ## - ADDED ENTRY ELEMENTS (KOHA)
Source of classification or shelving scheme
Koha item type Books
Holdings
Withdrawn status Lost status Source of classification or shelving scheme Damaged status Not for loan Permanent location Current location Date acquired Inventory number Total Checkouts Full call number Barcode Date last seen Price effective from Koha item type
          Ken Walker International University Ken Walker International University 01/27/2021 2431   94 P-85 2431 01/27/2021 01/27/2021 Books

Powered by Koha